Record Breaking Transfer Fees - Statistics

General Stats
  • This quiz has been taken 67 times
  • The average score is 10 of 19
Answer Stats
Date From To Player Transfer Fee % Correct
1-7-2013 Tottenham Hotspur Real Madrid Gareth Bale € 101.000.000,00
98%
9-8-2016 Juventus Manchester United Paul Pogba € 105.000.000,00
98%
1-7-1997 FC Barcelona Internazionale Ronaldo € 28.000.000,00
97%
6-8-2001 Juventus Real Madrid Zinédine Zidane € 73.500.000,00
93%
1-7-2009 Manchester United Real Madrid Cristiano Ronaldo € 94.000.000,00
92%
1-7-2000 FC Barcelona Real Madrid Luís Figo € 60.000.000,00
92%
30-7-1996 Blackburn Rovers Newcastle United Alan Shearer € 21.000.000,00
85%
1-7-1982 Boca Juniors FC Barcelona Diego Maradona € 8.000.000,00
83%
1-7-1973 AFC Ajax FC Barcelona Johan Cruijff € 2.000.000,00
68%
1-7-1953 River Plate Real Madrid Alfredo di Stéfano € 217.000,00
45%
1-7-1999 Lazio Roma Internazionale Christian Vieri € 45.000.000,00
42%
1-7-1998 São Paulo Real Betis Denílson € 31.500.000,00
40%
1-7-1992 UC Sampdoria Juventus Gianluca Vialli € 16.500.000,00
20%
1-7-1960 Alessandria Milan Gianni Rivera € 300.000,00
15%
22-12-1971 Everton Arsenal Alan Ball € 840.000,00
8%
1-7-1979 Aston Villa Wolverhampton Andy Gray € 3.000.000,00
8%
1-7-1967 Preston NE Everton Howard Kendall € 364.000,00
5%
1-7-1945 Unknown Atlante José Rafael Meza € 120.000,00
3%
17-7-1967 Xerxes/DHC Sparta Rotterdam Nol Heijerman € 455.000,00
3%
No matching quizzes found
Score Distribution
Percent of People with Each Score
Percentile by Number Answered
Your Score History
You have not taken this quiz